Návrh hybridného rázového generátora

Gespeichert in:
Bibliographische Detailangaben
1. Verfasser: Mekel, Peter (Verfasst von)
Weitere Verfasser: Valent, Ferdinand, 1940- (Betreuung Doktorarbeit)
Format: Manuskript Buch
Sprache:Slowakisch
Veröffentlicht: Bratislava : STU v Bratislave FEI, 2000
Schlagworte:
Tags: Tag hinzufügen
Keine Tags, Fügen Sie das erste Tag hinzu!

MARC

LEADER 00000ntm a22000003a 4500
001 stu56219
005 20160719164840.8
008 010125s2000------------------------slo-d
040 |a STU  |b slo 
041 0 |a slo 
100 1 |a Mekel, Peter  |4 aut 
245 1 |a Návrh hybridného rázového generátora 
260 |a Bratislava :  |b STU v Bratislave FEI,  |c 2000 
300 |a 68 s 
650 7 |a Elektroenergetické a silnoprúdové inžinierstvo  |2 stusub 
700 1 |a Valent, Ferdinand,  |d 1940-  |4 ths  |u E020  |U FEI Fakulta elektrotechniky a informatiky  |T FEI Ústav elektroenergetiky a aplikovanej elektrotechniky  |X 3652  |U E020  |Y 548  |7 A000003652